000 00405nam a2200157Ia 4500
008 160316s1995 xxu||||| |||| 00| 0 eng d
082 _a341.754000
_bGUI-I
100 _a
245 _aGuide to GATT law and practice. Vol.I : Articals I-XXI
250 _a6th
260 _aGeneva
_bWTO
_c1995
300 _a610p
_b
_c
365 _bSfr-150/-for 2.
650 _a1.GATT - Law and Practice
700 _a
_a
999 _c10499
_d10499